[Event "Khanty-Mansiysk FIDE GP"]
[Site "Khanty-Mansiysk"]
[Date "2015.05.21"]
[Round "7"]
[White "Giri, Anish"]
[Black "Tomashevsky, Evgeny"]
[Result "1-0"]
[WhiteElo "2776"]
[BlackElo "2749"]
[Annotator "Pavlovic,M"]
[PlyCount "115"]
[EventDate "2015.05.14"]
[EventType "tourn"]
[EventRounds "11"]
[EventCountry "RUS"]
[EventCategory "21"]
[SourceTitle "CBM 167"]
[Source "ChessBase"]
[SourceDate "2015.07.13"]
[SourceVersion "1"]
[SourceVersionDate "2015.07.13"]
[SourceQuality "1"]

1. e4 {[%emt 0:00:02]} e5 {[%emt 0:00:15]} 2. Nf3 {[%emt 0:00:04]} Nc6 {
[%emt 0:00:07]} 3. Bb5 {[%emt 0:00:03]} a6 {[%emt 0:00:16]} 4. Ba4 {[%emt 0:00:
03]} Nf6 {[%emt 0:00:09]} 5. O-O {[%emt 0:00:04]} Be7 {[%emt 0:00:19]} 6. Re1 {
[%emt 0:00:04]} b5 {[%emt 0:00:19]} 7. Bb3 {[%emt 0:00:04]} O-O {[%emt 0:00:29]
} 8. a4 {[%emt 0:00:04]} Bb7 {[%emt 0:01:32]} 9. d3 {[%emt 0:00:18]} d6 {
[%emt 0:00:22]} 10. Nbd2 {[%emt 0:00:08]} Na5 {[%emt 0:00:36]} 11. Ba2 {
[%emt 0:00:03]} c5 {[%emt 0:00:09]} 12. Nf1 {[%emt 0:00:04]} bxa4 $5 {[%emt 0:
01:23] Usually they go 12..b4, but Tomashevsky has been experimenting with
computer-type moves for a while now, and with good results. I must add here
that such an idea was played against me by well known GM Djuric Stefan a long
time ago, but in a worse version than this.} 13. Ne3 {[%emt 0:00:31]} Bc8 {
[%emt 0:01:54] Tomashevsky also played in a slightly different manner:} (13...
Bc6 14. Nf5 (14. Nh4 Bd7 15. Nhf5 Rb8 16. Qf3 Kh8 17. Qg3 Nh5 18. Qg4 g6 19.
Qf3 Nc6 20. c3 Nf4 21. Nxe7 Qxe7 22. Nd5 Nxd5 23. Bxd5 f6 24. Qg3 Rb6 {1/2-1/2
(34) Caruana,F (2844)-Tomashevsky,E (2701) Baku 2014, Black is ok here}) 14...
Bd7 15. N3h4 Kh8 16. f4 Nc6 17. c3 Rb8 18. Rf1 exf4 19. Rxf4 Ne5 20. Nxe7 Qxe7
21. Nf5 Bxf5 22. Rxf5 c4 $1 23. Bxc4 Qa7+ 24. d4 Nxc4 25. Qf1 a3 $17 {0-1 (42)
Svidler,P (2734)-Tomashevsky,E (2749) Khanty-Mansiysk 2015}) 14. Nh4 {[%emt 0:
01:14] Tomashevsky was under a serious challenge in the next game:} (14. Bd2
Bd7 15. Bxa5 Qxa5 16. c3 Rab8 17. Bb3 Qb6 18. Bxa4 Bxa4 19. Qxa4 Qxb2 20. Qxa6
Qxc3 21. Nf5 Rfe8 22. Nxe7+ Rxe7 23. Qxd6 $16 {1/2-1/2 (38) Dominguez Perez,L 
(2726)-Tomashevsky,E (2716) Tbilisi 2015}) 14... g6 {[%emt 0:01:51] This is a
novelty in a way because with 14...Bd7 we would have Caruana-Tomashevsky.} 15.
Nf3 {[%emt 0:07:17]} Bd7 {[%emt 0:04:09]} 16. Nd5 {[%emt 0:05:25]} Nxd5 {
[%emt 0:03:10]} 17. Bxd5 {[%emt 0:00:08]} Rb8 {[%emt 0:00:04]} 18. Bh6 {
[%emt 0:00:27]} Re8 {[%emt 0:01:59]} 19. Qd2 {[%emt 0:00:28] Somehow the early
...g6 gave White more motifs to count on.} Bc6 {[%emt 0:06:39]} (19... Nc6 20.
Ng5 $1 Bxg5 21. Bxg5 Qa5 22. c3 $16 {White has a dangerous attack.}) 20. Bxc6 {
[%emt 0:14:16]} (20. Qc3 $5 {the computer chess idea is Bd2} Bxd5 21. exd5 Bf6
22. Re4 c4 $5 23. Rxa4 (23. dxc4 Nb7 $1 $13) 23... Nb7 $5 24. Be3 cxd3 25. Qxd3
a5 {an interesting position, White should have a slightly more pleasant
position but the potential ...f5 can give Black counterplay.}) 20... Nxc6 {
[%emt 0:00:28]} 21. c3 {[%emt 0:00:02]} Qd7 {[%emt 0:42:23]} 22. Qc2 {[%emt 0:
00:46]} a5 {[%emt 0:03:21]} 23. Rxa4 {[%emt 0:01:05]} Red8 {[%emt 0:00:05]} 24.
Bc1 {[%emt 0:13:29]} d5 {[%emt 0:02:10] It may look like equal, but Black
still didn't equalise. Due to his slightly more compromised structure White
can still hope for some play.} 25. exd5 {[%emt 0:00:16]} Qxd5 {[%emt 0:00:04]}
26. Rae4 {[%emt 0:05:06]} f6 {[%emt 0:04:17]} (26... f5 27. R4e2 Bf6 28. Qa4
Bg7 29. Nd2 Qe6 30. f4 Rxd3 31. fxe5 $14) 27. Qa4 {[%emt 0:00:59]} Rbc8 {
[%emt 0:01:44]} 28. R4e3 {[%emt 0:00:48]} Rc7 {[%emt 0:10:09]} 29. Nd2 $1 {
[%emt 0:03:45]} Rcd7 {[%emt 0:00:30]} 30. Nc4 {[%emt 0:06:59] That was best
what White could do at the moment, now he still has one or two more ideas.} Qe6
$6 {[%emt 0:00:23] The queen is potentially a bit exposed along the e-file.} (
30... Rb7 31. Rg3 Bf8 32. f4 (32. h4 $5 {also gives the initiative.}) 32...
exf4 33. Bxf4 {Black is close to equality} Rdd7 $1 {[%cal Gd7e7]}) 31. Qc2 {
[%emt 0:00:39]} Bd6 {[%emt 0:07:19]} 32. f4 $1 {[%emt 0:03:18] This is it!} Bc7
{[%emt 0:04:35]} 33. Rf3 {[%emt 0:02:30]} Rd5 {[%emt 0:00:49]} 34. Qe2 {
[%emt 0:03:30]} Kh8 {[%emt 0:09:32]} 35. Qf1 $1 {[%emt 0:13:22] Now f5 is in
the air.} f5 {[%emt 0:02:46]} 36. Rfe3 {[%emt 0:01:04]} Qf6 {[%emt 0:00:25]}
37. Qe2 {[%emt 0:01:06]} Re8 {[%emt 0:01:49]} 38. g4 $5 {[%emt 0:05:01]} Qh4 {
[%emt 0:00:45]} 39. gxf5 {[%emt 0:06:56]} gxf5 {[%emt 0:00:07]} 40. Kh1 {
[%emt 0:00:00] Now White is clearly better.} Rd7 {[%emt 0:00:00]} 41. Rg1 {
[%emt 0:28:43]} e4 {[%emt 0:17:38]} 42. Qg2 {[%emt 0:00:15]} Qf6 {[%emt 0:04:
27]} 43. Rg3 {[%emt 0:08:40]} Qf7 {[%emt 0:03:50]} 44. b3 {[%emt 0:01:03]} (44.
b4 $3 $18 {[%cal Gc1b2] Black is not able to maintain his structure any longer.
}) 44... Bd8 {[%emt 0:08:57]} 45. dxe4 {[%emt 0:01:21]} fxe4 {[%emt 0:00:56]}
46. f5 {[%emt 0:00:17]} Bc7 {[%emt 0:05:27]} 47. Rg4 {[%emt 0:00:37] Here too
White reached a winning position.} Ne5 {[%emt 0:06:18]} 48. Rxe4 {[%emt 0:01:
35]} Rdd8 {[%emt 0:05:16]} 49. Bg5 {[%emt 0:02:31]} Rb8 {[%emt 0:00:08]} 50.
Qe2 {[%emt 0:12:50]} Nd7 {[%emt 0:01:34]} 51. Re6 {[%emt 0:01:21]} Rg8 {
[%emt 0:00:34]} 52. Qf3 {[%emt 0:01:45]} Rbe8 {[%emt 0:01:18]} 53. Qg4 {
[%emt 0:02:31]} Ref8 {[%emt 0:00:20]} 54. Nd6 {[%emt 0:00:59]} Bxd6 {[%emt 0:
00:13]} 55. Rxd6 {[%emt 0:00:01]} Qxf5 {[%emt 0:03:07]} 56. Rxd7 {[%emt 0:02:
52]} Qxg4 {[%emt 0:00:01]} 57. Rxg4 {[%emt 0:00:02]} Rf5 {[%emt 0:00:01]} 58.
Rd5 {[%emt 0:00:01]} 1-0

[Event "Bundesliga 9798"]
[Site "Germany"]
[Date "1998.01.11"]
[Round "7.2"]
[White "Kupreichik, Viktor D"]
[Black "Piket, Jeroen"]
[Result "0-1"]
[WhiteElo "2500"]
[BlackElo "2630"]
[Annotator "Piket,L"]
[PlyCount "74"]
[EventDate "1997.10.18"]
[EventType "team-tourn"]
[EventRounds "15"]
[EventCountry "GER"]
[SourceTitle "CBM 063"]
[Source "ChessBase"]
[SourceDate "1998.03.26"]
[SourceVersion "1"]
[SourceVersionDate "1998.03.26"]
[SourceQuality "1"]
[WhiteTeam "Plettenberg"]
[BlackTeam "Solingen"]
[WhiteTeamCountry "GER"]
[BlackTeamCountry "GER"]

1. e4 e5 2. Nf3 Nc6 3. Bb5 a6 4. Ba4 Nf6 5. O-O Be7 6. Re1 b5 7. Bb3 d6 8. a4
Bg4 9. c3 O-O 10. d3 (10. h3 Bxf3 11. Qxf3 Na5 12. Ba2 (12. Bc2 c5 13. d3 b4) (
12. Bd1 c5 13. d3 b4 14. Qg3 Nd7 15. Rf1 Bf6) 12... b4 $1 13. cxb4 $6 Nc6 14.
Qc3 Qd7 15. Na3 d5 16. b5 axb5 17. axb5 Nd4 18. exd5 Nxd5 19. Bxd5 Qxd5 $44)
10... Na5 11. Ba2 $1 (11. Bc2 b4 12. Nbd2 c5 13. h3 Bxf3 14. Nxf3 Rb8 15. d4
bxc3 (15... b3 16. Bd3 exd4 17. cxd4 c4 18. Bb1 d5 19. e5 Ne8 (19... Ne4 $5 20.
Bxe4 dxe4 21. Rxe4 Qd5 $44)) 16. bxc3 Qc7 {jpp11-1'98} 17. d5 $1 c4 (17... Nd7)
18. Ba3 Nd7 19. Bb4) 11... b4 (11... bxa4 $2 12. Qxa4 Bxf3 13. Qxa5) (11...
Bxf3 12. Qxf3 bxa4 13. Qd1 Qd7 14. Nd2 Rfb8) 12. Nbd2 Rb8 (12... c5 13. Nc4 $14
) 13. d4 $6 (13. Nc4 Nxc4 14. Bxc4 bxc3 15. bxc3 c6 $5 (15... a5 $11 16. h3 Be6
) (15... Qc8 16. h3 Bh5 17. d4) 16. Bxa6 Qa5 17. Bc4 Bxf3 18. gxf3 (18. Qxf3
Qxc3 19. Be3) 18... d5 $13) 13... c5 $1 14. Qe2 (14. dxc5 dxc5 15. Nc4 Bxf3 (
15... bxc3 $1 16. bxc3 Qxd1 17. Rxd1 Nxc4 18. Bxc4 Nxe4 $17) 16. gxf3 (16. Qxd8
Bxd8 17. gxf3 b3 18. Nxa5 Bxa5 19. Bb1 c4 $17) 16... b3 (16... Qc7 17. Nxa5
Qxa5 18. Qc2 $14) 17. Nxa5 $16) 14... bxc3 $6 (14... b3 $1 15. Bb1 Bxf3 $3 (
15... Qc7 16. dxe5 dxe5 17. Bd3 Bxf3 18. gxf3 $16) 16. Nxf3 (16. gxf3 cxd4 17.
cxd4 Nc6) 16... Qc7 $15 17. Qxa6 c4) 15. bxc3 cxd4 16. cxd4 Nc6 17. Qe3 (17. d5
Nb4 (17... Nd4 18. Qd3 Bxf3 19. Nxf3 Nxf3+ (19... Nd7 $5) 20. Qxf3 Qa5 21. Qd1
Qc3 22. Bd2 Qd4) 18. Bb3 Nd7) 17... Nd7 18. Ba3 $8 Nb4 (18... exd4 19. Nxd4
Nxd4 20. Qxd4 Bf6 21. Qxd6 Be5 22. Qxa6 (22. Qd3 Nc5) 22... Rb6 23. Qd3 Bxh2+
24. Kxh2 Qh4+ 25. Kg1 Rh6 26. f3) 19. Bb3 a5 20. Rac1 Bf6 21. h3 $2 (21. dxe5
Nxe5 22. Nxe5 dxe5 $11 23. Nf3 Bxf3 24. Qxf3 Nd3 25. Bxf8 Rxb3 (25... Nxe1 26.
Rxe1 Qxf8 $14) 26. Rb1 Rc3 27. Red1 Kxf8 28. Rb5 $1 Qd4 29. Rd5 Qxa4 30. R5xd3)
(21. d5 Bxf3 22. Nxf3 Qb6 23. Qxb6 (23. Bc4) 23... Rxb6 24. Bc4 (24. Rc7 Nc5
25. Bd1)) 21... Bxf3 22. Nxf3 exd4 23. Nxd4 Nc5 24. Bd5 (24. Bc4 Re8 25. Bxb4 (
25. f3 Bg5) 25... Bxd4 26. Qxd4 Rxb4 27. e5 Nb3 28. Qf4 Nxc1 29. Qxf7+ Kh8 30.
Rxc1 dxe5) (24. Nb5 Bg5 25. f4 Nxb3) (24. Red1 Bxd4 25. Rxd4 Nxb3 26. Qxb3 Nc6)
(24. Rcd1 Bxd4 25. Rxd4 Nxb3 26. Qxb3 Nc6) 24... Nxd5 25. exd5 Bxd4 26. Qxd4
Nb3 27. Qf4 Nxc1 28. Rxc1 Re8 29. Bxd6 Rb7 $17 30. h4 h6 31. h5 Qd7 32. Kh2
$138 f5 33. f3 Qf7 $19 34. Bc7 Qxd5 35. Bd6 Qf7 36. Qh4 Rd7 37. Bf4 Rd4 0-1

[Event "Baku FIDE GP"]
[Site "Baku"]
[Date "2014.10.13"]
[Round "10"]
[White "Karjakin, Sergey"]
[Black "Svidler, Peter"]
[Result "1/2-1/2"]
[WhiteElo "2767"]
[BlackElo "2732"]
[Annotator "Postny,E"]
[PlyCount "54"]
[EventDate "2014.10.02"]
[EventType "tourn"]
[EventRounds "11"]
[EventCountry "AZE"]
[EventCategory "21"]
[SourceTitle "CBM 163"]
[Source "ChessBase"]
[SourceDate "2014.11.11"]
[SourceVersion "1"]
[SourceVersionDate "2014.11.11"]
[SourceQuality "1"]

1. e4 e5 2. Nf3 Nc6 3. Bb5 a6 4. Ba4 Nf6 5. O-O Be7 6. Re1 b5 7. Bb3 O-O 8. a4
{One of the common ways to avoid the Marshall Attack.} b4 9. d4 d6 10. dxe5 {
This looks like a concession, but the move is very popular on the highest
level. White does have grounds to hope for a slight edge in the resulting
structure.} dxe5 11. Nbd2 {This is more ambitious than the queen swap. White
is hoping to outmanoeuvre his opponent using some weakened light squares.} (11.
Qxd8 Rxd8 12. Nbd2 h6 13. a5 Bc5 14. Bc4 Ng4 15. Re2 Be6 16. Bxe6 fxe6 17. h3
Nf6 18. Re1 Rab8 19. Nc4 Rb5 20. b3 Bd4 21. Bb2 Rc5 22. Ra2 Bxb2 23. Rxb2 Ne8
$15 {[%csl Ra5][%cal Ge8d6] 1-0 (70) Carlsen,M (2862)-Aronian,L (2813) Saint
Louis 2013}) 11... Bc5 12. a5 {Karjakin deviates first, not checking the
improvement Svidler had in mind over his previous games. The move in the text
fixes the Pa6 as potential target.} (12. h3 Qe7 (12... Bb7 {might be more
flexible.}) 13. Bd5 Bd7 14. Nb3 Bd6 15. Bg5 h6 16. Bh4 g5 17. Bg3 Rad8 18. Qe2
Nb8 19. Bc4 $14 {1-0 (59) Topalov,V (2784)-Svidler,P (2732) Bilbao 2014}) (12.
Qe2 Qe7 13. Nc4 Bg4 14. c3 bxc3 15. bxc3 h6 (15... Rab8 16. Bc2 Nh5 $5 17. h3
$140 $2 Ng3 18. Qd1 Rfd8) 16. Bc2 Qe6 17. Ne3 Bxe3 18. Qxe3 Na5 19. Nd2 $14 {
1/2-1/2 (41) Grischuk,A (2764)-Svidler,P (2747) London 2013}) 12... h6 13. h3 (
13. Bc4 Be6 (13... Qd6 $5) 14. Qe2 Nd4 15. Nxd4 Bxc4 16. Nxc4 Bxd4 17. Be3 $14
{1-0 (50) Howell,D (2657)-Adams,M (2758) Douglas 2014}) 13... Qd6 (13... Qe7
14. Qe2 Be6 15. Bc4 Nd4 16. Nxd4 Bxd4 17. Nb3 Rfd8 18. Nxd4 Bxc4 19. Nf5 Qe6
20. Qf3 $36 {1-0 (41) Caruana,F (2791)-Tomashevsky,E (2695) Dubai 2014}) 14.
Qe2 Nh5 $1 $146 {I like this aggressive idea. The knight is heading to f4,
while the queen may join the attack on the sixth rank.} (14... Rd8 15. Nc4 Qe7
16. Be3 Rb8 17. Rad1 Bb7 18. Rxd8+ Rxd8 19. c3 bxc3 20. bxc3 Nxe4 21. Qc2 Nf6
22. Bxc5 Qxc5 23. Ncxe5 Nxe5 24. Nxe5 Bd5 25. Rd1 Rd6 $11 {1/2-1/2 (30)
Guartambel,G-Domancich,E (2394) ICCF email 2007}) 15. Nc4 (15. Nf1 {is another
possible route for the knight.} Rb8 $1 {It's useful to move the rook from a8,
so that it won't get attacked by the white bishop. In some cases Rb8-b5,
targeting the Pa5, might be an idea. This position requires further practical
testing. Here is what might follow:} (15... Qf6 $2 16. Bd5 {That's the
difference, compared to 15.Nc4. The diagonal a2-g8 is not obstructed.}) 16. Be3
Bxe3 17. Qxe3 Nf4 18. Ng3 Nd4 19. Nxd4 exd4 20. Qd2 Qe5 21. Ne2 Nxe2+ 22. Rxe2
{[%cal Gf2f4] with mutual chances.}) 15... Qf6 16. Ne3 $2 {I am puzzled how
Karjakin allowed the black knight to settle on f4 so comfortably.} ({He should
have exchanged the dark-squared bishops by} 16. Be3 {Objectively, Black has no
problems. A possible draw may occur after} Bxe3 17. Nxe3 (17. Qxe3 Nf4 18. Kh2
Be6 $132) 17... Nf4 18. Qc4 Nxg2 $1 19. Kxg2 Bxh3+ 20. Kg1 (20. Kg3 $6 Qf4+ 21.
Kxh3 Qxf3+ 22. Kh2 Nd4 23. Qf1 Qxe4 $36) 20... Qxf3 21. Qxc6 Qh5 22. Rad1 Qg5+
23. Kh2 Qh4 24. Kg1 Qg5+ $11) 16... Nf4 {Dark clouds gather over the white
king.} 17. Qc4 Nxg2 $1 (17... Nd4 {was another attractive option.} 18. Nxd4 (
18. Qxc5 $2 Nxf3+ 19. gxf3 Nxh3+ 20. Kg2 Nf4+ 21. Kg3 h5 $1 {Preventing the
defending resource Ne3-g4.} 22. Rh1 Qg5+ 23. Kh2 Bh3 $1 {Setting a cute mating
net.} 24. Bd2 Qh4 25. Kg1 Ne2+ 26. Kh2 Bf1#) 18... Bxd4 19. Nf5 (19. Qxb4 $2
Bxh3 $1 $19) 19... Be6 $1 20. Qxc7 Bxf5 21. exf5 Qxf5 22. Bxf4 (22. Rf1 $2 Ne2+
23. Kh2 e4 $19 {[%cal Gd4e5]}) 22... Qxf4 $17) 18. Kxg2 (18. Qxc5 Qxf3 19. Nxg2
Bxh3 20. Ne3 Rad8 $1 21. Qxc6 Rd6 22. Qxd6 cxd6 $17) (18. Nxg2 Qxf3 19. Qxc5
Bxh3 {- identical to 18.Qxc5.}) 18... Bxh3+ 19. Kxh3 (19. Kg3 Qf4+ 20. Kxh3
Qxf3+ {would lead to the same position.}) 19... Qxf3+ 20. Kh2 Nd4 $1 ({After} 
20... Qxf2+ $2 21. Ng2 Nd4 22. Rf1 Nf3+ 23. Kh1 Qg3 24. Rxf3 Qxf3 25. Qxc5 {
White eliminates all Black's minor pieces.}) 21. Rf1 {The only reasonable
defence.} (21. Qxc5 $2 Qxf2+ {and Black wins either the rook, or the queen
after} 22. Ng2 Nf3+ {[%csl Rc5]}) 21... Qh5+ 22. Kg2 Qf3+ 23. Kh2 Bd6 $2 {
Too solid for such a position!} (23... Qf4+ $1 24. Kg2 Qxe4+ 25. f3 (25. Kg1 $2
Qg6+ 26. Kh1 Qh5+ 27. Kg2 Qf3+ 28. Kh2 Bd6 $19 {[%cal Ge5e4] That's why it was
important to capture the Pe4.}) 25... Qg6+ 26. Kf2 (26. Kh1 Qh5+ 27. Kg2 e4 {
is exactly the same as after 26.Kf2.}) 26... Qh5 27. Kg2 e4 28. Qd5 Qg6+ 29.
Kh1 (29. Kf2 Ba7 $1 30. Qxe4 Qd6 $40 {[%cal Ga8e8,Gd6h2]}) 29... Nxb3 30. cxb3
Bxe3 31. Bxe3 Rad8 32. Qc5 (32. Qxe4 Qh5+ 33. Kg1 Rfe8 34. Qf4 Qg6+ 35. Kh1 Rd5
36. Rf2 Rf5 $1 37. Qd4 c5 38. Qd2 Rh5+ 39. Rh2 Rxh2+ 40. Kxh2 Re5 $19) 32...
Rfe8 {It's clear that Black is nearly winning here. He has three pawns for the
piece, but more importantly - a powerful initiative. The white king is in bad
shape.} {An attempt to close some lines by} 33. f4 $2 {loses to} Qg3 {[%cal
Gd8d3]}) 24. c3 {Now Black has to succumb to perpetual check.} Qh5+ (24... Nxb3
25. Qxb3 Qxe4 26. Rg1 {can be better only for White.}) 25. Kg2 Qf3+ 26. Kh2
Qh5+ 27. Kg2 Qf3+ 1/2-1/2

[Event "Moscow Tal Memorial 2nd"]
[Site "Moscow"]
[Date "2007.11.14"]
[Round "5"]
[White "Jakovenko, Dmitrij"]
[Black "Leko, Peter"]
[Result "1/2-1/2"]
[WhiteElo "2710"]
[BlackElo "2755"]
[Annotator "Postny,E"]
[PlyCount "121"]
[EventDate "2007.11.10"]
[EventType "tourn"]
[EventRounds "9"]
[EventCountry "RUS"]
[EventCategory "20"]
[SourceTitle "CBM 122"]
[Source "ChessBase"]
[SourceDate "2008.01.30"]
[SourceVersion "1"]
[SourceVersionDate "2008.01.30"]
[SourceQuality "1"]

1. e4 e5 2. Nf3 Nc6 3. Bb5 a6 4. Ba4 Nf6 5. O-O Be7 6. Re1 b5 7. Bb3 O-O 8. h3
{Avoiding the Marshall attack.} Bb7 (8... d6 9. c3 {is a transposition into
the classical Ruy Lopez.}) 9. d3 Re8 {This order of moves has become popular
in the last few years. Black refrains from playing d7-d6 immediately, hoping
to get the d7-d5 thrust without losing a tempo.} 10. Nc3 ({Another, an even
more popular approach here is} 10. a3) 10... h6 {Typical prophylaxis against a
possible knight/bishop move to g5.} (10... Bb4 {played by Anand a couple of
times, and by Leko himself as well, in one of the games of his match against
Kramnik in Brissago.} 11. Ng5 Rf8 12. a3 Bxc3 13. bxc3 Na5 14. Ba2 c5 {he
could only have been thinking about equalizing.} 15. f4 exf4 16. e5 Nd5 17.
Bxd5 Qxg5 18. Bxb7 {And here the opponents agreed to a draw, Kramnik-Leko,
2004.}) 11. a4 (11. a3 Bc5 12. Nd5 Nd4 13. Nxd4 Bxd4 14. c3 Bc5 15. Ne3 d5 16.
exd5 Nxd5 17. Qf3 Bxe3 18. Bxe3 Qd6 19. Rad1 Rab8 20. d4 e4 21. Qg3 {1/2-1/2
Leko,P (2763)-Adams,M (2719)/Dortmund 2005/CBM 108}) (11. Nd5 Na5 12. Nxe7+
Qxe7 13. Nh4 Nxb3 14. Nf5 Qe6 15. axb3 d5 16. Qf3 dxe4 17. dxe4 Kh7 18. Qg3 Rg8
19. f3 Ne8 20. Bd2 Nd6 $11 {1/2-1/2 Anand,V (2779)-Leko,P (2749)/Morelia/
Linares 2007/CBM 117 (26)}) 11... b4 12. Nd5 (12. Ne2 Na5 13. Ba2 Bf8 14. Ng3
d5 15. Bd2 Rb8 16. Qe2 c5 17. exd5 Bxd5 18. Bxd5 Nxd5 19. Qe4 Nc6 20. Nf5 Re6
21. Qg4 Kh8 22. Qc4 Na5 23. Qe4 Nc6 24. Qc4 Na5 25. Qe4 Nc6 {1/2-1/2 Svidler,P
(2750)-Leko,P (2741)/Moscow 2006/CBM 116}) 12... Na5 13. Nxe7+ $146 {It would
have been interesting to see what Leko prepared after 13.Ba2, the move that
Svidler beat Leko with.} (13. Ba2 Bc5 14. Bd2 $1 Bxd5 15. Bxd5 Nxd5 16. exd5
Qf6 $2 ({Interesting is} 16... c6 17. Rxe5 (17. Nxe5 $6 Bxf2+ 18. Kxf2 Rxe5 19.
Rxe5 Qf6+ 20. Qf3 Qxe5 {and only White might have problems here.}) 17... Rxe5
18. Nxe5 Qf6 19. Nf3 cxd5 $14 {Gershon}) 17. c3 $1 bxc3 18. Bxc3 Qb6 19. Rxe5
$1 Bxf2+ 20. Kh1 $16 {1-0 Svidler,P (2738)-Leko,P (2763)/San Luis 2005/CBM 110
(31)}) 13... Rxe7 {It was also possible to recapture with the queen.} (13...
Qxe7 14. Ba2 d5 15. exd5 Qd6 16. Nh4 b3 $1 17. cxb3 Bxd5 18. Bd2 Nc6 19. Nf5
Qd7 {with good compensation for the pawn.}) 14. Ba2 d5 {The point of black's
opening strategy.} 15. Nh4 $5 {A standart knight move, but this time it is
connected with some sacrifices.} ({White can't win the Pe5:} 15. exd5 $6 Bxd5
16. Nxe5 Bxa2 17. Rxa2 Qd5) 15... dxe4 16. Nf5 Rd7 17. Re3 $1 (17. Bxh6 $2 gxh6
18. Qd2 Qf8 19. Nxh6+ Kh7 20. Nxf7 Rxf7 21. Bxf7 Qxf7 22. Qxb4 Rg8 $1 {and
Black's counterattack is crushing.}) 17... b3 $1 {Both players had a lot to
calculate in this position.} (17... exd3 18. cxd3 (18. Rg3 $2 d2 19. Rxg7+ Kh8
20. Bxd2 Rxd2 21. Qe1 Ne4 22. Bxf7 Rxf2 23. Bg6 Rxg2+ 24. Kxg2 Qg5+ 25. Kh2
Qf4+ 26. Kg1 Ng5 $19) 18... Be4 (18... b3 19. Bxb3 Be4 20. Nxh6+ gxh6 21. Rg3+
Kf8 22. Bxh6+ Ke8 23. Bc2 $44) 19. Rxe4 Nxe4 20. Qg4 Ng5 21. h4 b3 22. hxg5 h5
23. Qe2 bxa2 24. Qxe5 Qf8 25. Qxa5 $14) 18. Rg3 {White's threats are dangerous,
Leko has to be careful.} g6 (18... bxa2 $2 19. Rxg7+ Kh8 (19... Kf8 20. Qd2 {
[%csl Ra5,Rh6]} (20. Bxh6 $40) 20... Ng8 21. Qxa5 Qf6 22. Qb4+ $18) 20. Bxh6
$40 (20. Qd2 $2 Ng8 21. Qxa5 Qf6 $19)) 19. Nxh6+ Kg7 20. Nf5+ Kg8 $6 {Leko
didn't take the risk of playing for a win by 20...Kf8; he passes the decision
about the repetition of moves to Jakovenko.} (20... Kf8 21. Qd2 (21. Bh6+ Kg8
22. cxb3 Rxd3 23. Qe2 Nh5 $15) 21... gxf5 22. Qxa5 (22. Qh6+ $2 Ke7 23. Bg5 Qh8
$19) 22... bxa2 23. Qxe5 (23. Bh6+ Ke8 24. Qxe5+ Qe7 $17) 23... Qe7 24. Qxf5
Rd5 25. Qf4 Ke8 $15) 21. Nh6+ Kg7 22. Nf5+ Kg8 23. cxb3 $1 {Correctly
continuing the fight!} Rxd3 24. Rxd3 Qxd3 25. Ne7+ (25. Bg5 Qxd1+ 26. Rxd1 gxf5
27. Bxf6 Nc6 28. b4 Nxb4 29. Bc4 $14) 25... Kg7 26. Qd2 $1 {[%cal Gd2h6]} Qxd2
27. Bxd2 Re8 28. Nxg6 $2 {Jakovenko got tempted to grab the pawn and lost all
the benefits of his position.} ({It was better to make a somewhat unhuman move
} 28. Bb4 $1 {followed by Ra1-c1 with initiative for White.}) 28... Nc6 29. Nh4
Nd4 {Black's knight has occupied a dominant outpost in the centre, while its
white counterpart is poorly placed on the side of the board. Black is at least
not worse.} 30. Be3 Bc8 31. Rd1 (31. Kh2 $6 Rh8 32. g3 Nf3+ 33. Nxf3 exf3 $17)
31... Rh8 32. Bxd4 exd4 33. g3 Rd8 34. b4 Bxh3 $6 {Probably Leko should not be
in a hurry to regain the pawn.} (34... d3 35. Bc4 Nd5 {Despite being a pawn
down, Black is better thanks to strong central pawns and White's misplaced
knight.}) 35. Bc4 Bg4 36. f3 $1 exf3 37. Rd3 {Now, White's knight will come
back into the game. Still, White is clearly on the defensive.} f2+ 38. Kxf2 c5
39. Nf3 (39. bxc5 $2 Ne4+ 40. Kf1 Nxc5 $17) 39... Bf5 (39... Ne4+ 40. Kg2 Rb8
41. Rb3 Bxf3+ 42. Rxf3 Rxb4 (42... Nd2 43. Rxf7+ Kg6 44. Bd5 Rxb4 45. b3 Nxb3
46. Rc7 $11) 43. b3 Ng5 44. Rf5 $11) 40. Rd1 Bc2 41. Rc1 Ne4+ 42. Ke2 d3+ 43.
Ke3 cxb4 44. Bxd3 $1 {[%mdl 256] This little combination makes White's
defensive task easier.} Bxd3 (44... Rxd3+ 45. Kxe4 Rc3+ 46. Kd4 Rxf3 47. Rxc2
Rxg3 48. Kc5 b3 49. Rf2 $11) 45. Ne1 Bf1 (45... Nxg3 46. Nxd3 Nf5+ 47. Ke4 Kf6
48. Rc6+ Kg5 49. Nc5 {White's activity is sufficient to hold the balance.}) 46.
Kxe4 Rd2 47. Rb1 Bc4 48. b3 Be6 49. Ke3 Rd8 50. Rb2 Rc8 51. a5 Bf5 52. g4 Re8+
53. Kf4 Rxe1 54. gxf5 {Jakovenko defended very well through the last 20 moves.
The rook endgame which has arisen is completely equal.} Ra1 55. Rg2+ Kf8 56.
Rc2 Rxa5 57. f6 Kg8 58. Rg2+ Kf8 59. Rc2 Ke8 60. Re2+ Kf8 61. Ke4 1/2-1/2